000 00328nam a22001337a 4500
008 250424b |||||||| |||| 00| 0 eng d
020 _a0340845163
050 _aHD5109.2
_b.F54
100 _aELSTON, Carol
245 _aFlexible Working
260 _aIllinoise
_bMc-Graw Hill Companies
_c2004
300 _axi, 218p.
942 _cBK
999 _c3132
_d3132